Dollaria käyttävät valtiot - äkkikuolema - Statistics

Yleistilastot
  • Tätä visaa on pelattu 87 kertaa
  • Keskiarvotulos 4 / 34
Answers on the Grid
Answers color-coded by a green-red scale on the quiz's grid according to % correct below.
Australia
Nauru
Bahama
Barbados
Belize
Brunei
Fidži
Guyana
Antigua ja Barbuda
Dominica
Grenada
Saint Kitts ja Nevis
Saint Lucia
Saint Vincent
ja Grenadiinit
Jamaika
Kanada
Kiribati
Liberia
Namibia
Singapore
Salomoninsaaret
Suriname
Trinidad ja Tobago
Tuvalu
Uusi-Seelanti
Taiwan
Itä-Timor
Ecuador
El Salvador
Yhdysvallat
Zimbabwe
Marshallinsaaret
Mikronesia
Palau
Vanuatu
Tonga
Samoa
Japani
Iso-Britannia
Ranska
Espanja
Portugali
Monako
Meksiko
Bahama
Panama
Ghana
Sierra Leone
Panama
Indonesia
Kiina
Etelä-Korea
Kap Verde
Argentiina
Chile
Peru
Guyana
Kolumbia
Israel
Malesia
 
Vastaustilastot
Vastaus % Oikein
Yhdysvallat
67%
Australia
40%
Kanada
40%
Uusi-Seelanti
33%
Jamaika
18%
Singapore
18%
Barbados
16%
Marshallinsaaret
16%
Saint Kitts ja Nevis
13%
Saint Vincent
ja Grenadiinit
13%
Bahama
11%
Dominica
11%
Nauru
11%
El Salvador
9%
Fidži
9%
Saint Lucia
9%
Salomoninsaaret
9%
Grenada
7%
Mikronesia
7%
Palau
7%
Trinidad ja Tobago
7%
Brunei
4%
Kiribati
4%
Liberia
4%
Taiwan
4%
Zimbabwe
4%
Antigua ja Barbuda
2%
Belize
2%
Ecuador
2%
Guyana
2%
Itä-Timor
2%
Namibia
0%
Suriname
0%
Tuvalu
0%
Ehtoja vastaavia visoja ei löytynyt
Tulosjakauma
Jokaisen tuloksen saaneiden osuus
Persentiili vastausten määrän mukaan
Tuloshistoriasi
Et ole pelannut tätä visaa